El Quijote de los niños.

Gespeichert in:
Bibliographische Detailangaben
Format: keine Angabe
Sprache:Spanisch
Erschienen: Madrid Sucs. Rivadeneyra 1885
Ausgabe:
Katalog:MANES:  Suchergebnis im Bibliothekskatalog
Schulbuchspezifische Eigenschaften:
Tags: Tag hinzufügen
Keine Tags, Fügen Sie den ersten Tag hinzu!
Hinzugefügt zu:26.04.2016

MARC

LEADER 000000000a22000000004500
001 10663
003 OSt
008 160427s sp ||||| |||| 00| 0 spa d
040 |c centro_manes 
041 1 |a spa 
691 7 |a PRI 
245 0 0 |a El Quijote de los niños. 
250 |a 7ª 
260 3 |a Madrid  |b Sucs. Rivadeneyra  |c 1885 
300 |a 553 p.  |c 17 x 11 cm 
500 |a Encuadernado en Rústica. Precio: 2 pesetas. 
690 0 |a EyL 
942 |2 ddc  |c BK 
546 |a España 
999 |c 16637  |d 16637 
999 |c manes:16637  |d 16637